Géologie / (Record no. 158733)

MARC details
000 -LEADER
campo de control de longitud fija 00680nam a22001815i 4500
001 - NÚMERO DE CONTROL
campo de control 158733
003 - IDENTIFICADOR DE NÚMERO DE CONTROL
campo de control ES-MaACL
005 - FECHA Y HORA DE LA ÚLTIMA TRANSACCIÓN
campo de control 20250929063228.0
008 - DATOS DE LONGITUD FIJA--INFORMACIÓN GENERAL
campo de control de longitud fija 040903s1886 fr |||| | fre d
040 ## - FUENTE DE CATALOGACIÓN
Centro catalogador/agencia de origen CAM
Lengua de catalogación spa
Centro/agencia transcriptor CAM
100 1# - ENTRADA PRINCIPAL--NOMBRE DE PERSONA
Nombre de persona Margerie, Emmanuel de,
Fechas asociadas al nombre 1862-1953
9 (RLIN) 129487
245 10 - MENCIÓN DEL TÍTULO
Título Géologie /
Mención de responsabilidad, etc. par Emmanuel de Margerie.
260 ## - PUBLICACIÓN, DISTRIBUCIÓN, ETC.
Lugar de publicación, distribución, etc. Paris :
Nombre del editor, distribuidor, etc. Aux Bureaux du Polybiblion,
Fecha de publicación, distribución, etc. 1886 (
Lugar de fabricación/manufactura Rennes :
Fabricante Imprimerie Polyglotte, Alph. Le Roy fils, Imp. Breveté)
300 ## - DESCRIPCIÓN FÍSICA
Extensión 22 p. ;
Dimensiones 25 cm.
650 #7 - PUNTO DE ACCESO ADICIONAL DE MATERIA--TÉRMINO DE MATERIA
Término de materia o nombre geográfico como elemento de entrada Geología
Fuente del encabezamiento o término embne
9 (RLIN) 13086
852 ## - LOCALIZACIÓN
Ubicación ES-MaACL
Número de control de estantería T-903-F-3
Nota libre -- Enc. hol. conservando la cub. original
-- -- Enc. en un vol. facticio
Holdings
Estatus retirado Estado de pérdida Estado de daño No para préstamo Colección Biblioteca de origen Biblioteca actual Ubicación en estantería Fecha de adquisición Total de préstamos Signatura topográfica completa Código de barras Visto por última vez Precio de reemplazo Tipo de ítem Koha
        Colección de folletos Biblioteca del Ateneo de Madrid Biblioteca del Ateneo de Madrid Depósito folletos 17/01/2008   T-903-F-3 1166142 23/02/2023 23/02/2023 Folleto